000
00237nam a2200109Ia 4500
008
190216s9999||||xx |||||||||||||| ||und||
100
_a
Paul M P
245
0
_a
Malayalam-Tharala
260
_b
Dc Books
650
_a
Malayalam
942
_c
BK
999
_c
26056
_d
26056